000 00719nam a22001817a 4500
999 _c19448
_d19448
008 240301b ||||| |||| 00| 0 eng d
020 _a9781119751816
082 _aDC 363.34
_bC737 2023
245 _aCommunication and catastrophic events :
_bstrategic risk and crisis management /
_cedited by H. Dan, O'hair and Mary John O'hair.
260 _aHoboken, New Jersey :
_bJohn Wiley & Sons, Inc.,
_c©2023.
300 _ax, 262 pages :
_billustrations ;
_c25 cm.
500 _aIncludes bibliography, references, and index.
650 _aCrisis management.
_953869
650 _aCommunication in science.
_953870
650 _aRisk management.
_953871
700 _aO'hair, Mary John.
_eauthor.
_953727
942 _2ddc
_cDC